Statistics for Australian trivia

Click here to take the quiz!

General Stats

  • This quiz has been taken 341 times
  • The average score is 11 of 22

Answer Stats

HintAnswer% Correct
Which side of the road do Aussies drive onLeft
89%
How many female prime ministers have we had1
88%
How many states does Oz have6 states
88%
Largest mammal on our coat of armskangaroo
86%
Actress wife of Keith Urban?Nicole Kidman
78%
What does AFL stand forAustralian Football League
76%
Type of cake with coconut and chocolate served at afternoon teaLamington
76%
City affected by Cyclone Tracy in 1975Darwin
69%
Colloquial name for the Sydney Harbour BridgeCoathanger
56%
The Sunshine Coast in Queensland has the Big ____pineapple
48%
Famous Australian cricket bowlerShane Warne
47%
Unique Australian nut grown in Queenslandmacadamia
45%
The ‘G’ refers to what?Melbourne Cricket Ground
42%
Percentage of Australians who speak English?80%
41%
Name of the Australian Women’s Hockey TeamHockeyroos
39%
Most common type of native plant species found in Australiawattle
36%
Beach famous for surfing in VictoriaBell's Beach
35%
Longest single river in AustraliaMurray River
34%
White fat insect favoured by Aboriginal peopleWitchetty grub
20%
Tasmania is famous for this kind of woodHuon Pine
14%
Important Australian invention helping deaf peopleBionic ear
12%
Particular type of honey found in Tasmania?Leatherwood
7%

Score Distribution

Percentile by Number Answered

Percent of People with Each Score

Your Score History

You have not taken this quiz